| 000 | 00941nam a2200265Ia 4500 | ||
|---|---|---|---|
| 001 | 56084 | ||
| 003 | 127056 | ||
| 005 | 20250307062649.0 | ||
| 008 | ||||||n9999 ||| || || | ||
| 041 | _aspa | ||
| 100 |
_aHerran Cadena, Carlos Mauricio _977506 |
||
| 245 | 0 | _aEl sistema de recursos fisicos en el ICBF | |
| 260 |
_aBogotá : _bEscuela Superior de Administración Pública - ESAP, _c1998. |
||
| 300 | _a47h y anexos | ||
| 562 | _e1 | ||
| 650 | 0 |
_aADMINISTRACIÓN DE RECURSOS FÍSICOS EAAV-ESP ,VILLAVICENCIO(COLOMBIA) _9121646 |
|
| 650 | 0 |
_aAlmacén _955713 |
|
| 650 | 0 |
_aANÁLISIS ADMINISTRATIVO _94467 |
|
| 650 |
_aCOLOMBIA _977508 |
||
| 650 |
_aESPECIALIZACIÓN EN GESTIÓN PÚBLICA--TESIS Y DISERTACIONES ACADÉMICAS _911969 |
||
| 650 | 0 |
_aINSTITUTO COLOMBIANO DE BIENESTAR FAMILIAR-ICBF _911226 |
|
| 650 |
_aSISTEMA DE ADQUISICIONES _911829 |
||
| 650 |
_aTESIS Y DISERTACIONES ACADÉMICAS _977510 |
||
| 942 | _cTESIS | ||
| 999 |
_c56084 _d56084 |
||